000 00547nam a2200181Ia 4500
008 100920s9999 xx 000 0 und d
082 _b96615
_a--- न 06
100 _aवैदय सुरेश.
245 _aअस्तित्व.
260 _bपायल पब्लिकेशन, पुणे.
_c2006
300 _a256
_bसाधी
365 _b240
520 _aकादंबरी.
630 _aअस्तित्व.
650 _aकादंबरी.
730 _aअस्तित्व.
942 _cBOOK
999 _c737054
_d737051